000 00847nmc a2200289 a 4500
003 AR-BaBNM
005 20251128202702.0
008 035020s2004 ||||||||||||||000 | spa||
020 _a987-20609-8-3
040 _cAR-BaBNM
100 1 _aNeruda, Pablo
245 1 0 _aCanción de gesta
_b; Las piedras de Chile
260 _aBuenos Aires
_bDebolsillo
_c2004
300 0 _a137 p.
490 0 _aContemporánea
500 0 _aEdición y notas de Hernán Loyola. Prólogos de R. Fernández Retamar e Ida Vitale
650 4 _aLITERATURA CHILENA
650 4 _aLITERATURA CONTEMPORANEA
650 4 _aPOESIA
655 _aLITERATURA
700 1 _aLoyola, Hernán
_eeditor
700 1 _aFernández Retamar, Roberto
_eprologuista
700 1 _aVitale, Ida
_eprologuista
740 0 _aLas piedras de Chile
942 _cBK
998 _cme-solo cat
999 _c124
_d124